Oceňovanie opcií diplomová práca

Enregistré dans:
Détails bibliographiques
Auteur principal: Hlaváčová, Miroslava
Collectivité auteur: Fakulta hospodárskej informatiky EU. Katedra matematiky
Autres auteurs: Gogola, Ján, 1977-
Format: Livre
Langue:slovaque
Publié: Bratislava 2013
Tags: Ajouter un tag
Pas de tags, Soyez le premier à ajouter un tag!

MARC

LEADER 00000nbm a2200000 4500
001 0171713
005 20161109102452.2
041 0 |a slo 
044 |a SK 
245 1 0 |a Oceňovanie opcií  |b diplomová práca  |c Miroslava Hlaváčová ; školiteľ: Ján Gogola 
264 1 |a Bratislava  |c 2013 
300 |a 75 s. 
100 1 |a Hlaváčová, Miroslava 
700 1 |a Gogola, Ján, 1977- 
710 2 |a Fakulta hospodárskej informatiky EU. Katedra matematiky